Rainbow Six Siege Quiz (Instructions) - Statistics

General Stats
  • This quiz has been taken 121 times
  • The average score is 19 of 36
Answer Stats
Hint Answer % Correct
Year 1 Season 1 Operation Black Ice
87%
Map 10 House
69%
Year 1 Season 2 Operation Dust Line
68%
Year 1 Season 3 Operation Skull Rain
66%
Map 1 Bank
64%
Map 7 Favela
61%
Map 5 Coastline
60%
Year 2 Season 2 Operation Health
59%
Map 4 Club House
58%
Year 1 Season 4 Operation Red Crow
58%
Year 2 Season 1 Operation Velvet Shell
58%
Map 6 Consulate
57%
Year 2 Season 4 Operation White Noise
57%
Map 18 Tower
57%
Map 2 Border
56%
Map 9 Hereford Base
56%
Year 3 Season 1 Operation Chimera
56%
Map 13 Oregon
55%
Map 19 Villa
55%
Year 2 Season 3 Operation Blood Orchid
54%
Map 17 Theme Park
54%
Map 3 Chalet
53%
Map 12 Kanal
53%
Year 4 Season 1 Operation Burnt Horizon
52%
Year 3 Season 2 Operation Para Bellum
51%
Map 14 Outback
51%
Year 4 Season 2 Operation Phantom Sight
50%
Map 16 Skyscraper
50%
Year 3 Season 3 Operation Grim Sky
48%
Map 15 Presidential Plane
47%
Special Mission Map Bartlett U
46%
Map 8 Fortress
45%
Year 3 Season 4 Operation Wind Bastion
44%
Map 11 Kafe Dostoyevsky
39%
Showdown Map Fort Truth
14%
Map 20 Vacht
5%
No matching quizzes found
Score Distribution
Percent of People with Each Score
Percentile by Number Answered
Your Score History
You have not taken this quiz